Quizzes
Events
Quiz Creation
Community
Videos
Private Events
Remove Ads
Sign In
Join for FREE
Feedback
Dark Mode
Quiz Categories
Sports
Geography
Music
Movies
Television
Just For Fun
Miscellaneous
History
Literature
Language
Science
Gaming
Entertainment
Religion
Holiday
For Kids
Quiz Lab
Recent
Popular Today
Quiz Kudos Today
Editor Picks
Curator Picks
Quizzes by...
Day
Popularity
Type
Ratings
Length
Year
Community
Subscriptions
Recent Discussions
Orange Saloon
Badges
Playlists
Quests
Create
Leaderboards
Showdown
Live 5
Trivia Bingo
Activity
Puzzle Library
Sporcle Events
Private Events
Virtual Trivia
Globe League
Become a Host
Pub Owners
SporcleCon
Opinionation
Our Games
Videos
Blog
Mobile Apps
Partnerships
Remove Ads and Go Orange
Feedback
Geography
Country
Landmarks
City
State
Population
World
Capital
Continent
Flags
Europe
Africa
Asia
South America
North America
Oceania
Border
Canada
United Kingdom
Topography
United States
Geography
Country
Landmarks
City
State
Population
World
Capital
Continent
Flags
Europe
Africa
Asia
South America
North America
Oceania
Border
Canada
United Kingdom
Topography
United States
Random Quiz
Search Sporcle
×
Curator Pick
Curator Pick
Geography
Minefield
Type in answers that appear in a list
Type in answers that appear in a list
Classic
Best Score? Go Orange.
Nations Larger than Kyrgyzstan by Area (Minefield) Stats
Can you name the countries which are greater than Kyrgyzstan by area; without naming a country that is not?
By
olliek
15m
86 Questions
651 Plays
651 Plays
651 Plays
Comments
Comments
Give Quiz Kudos
Give Quiz Kudos
-
- Ratings
hide this ad
More Info
Minefield
Wrong answers will end the quiz
Wrong answers will end the quiz
Wrong Answers
Some wrong answers will appear in red
Some wrong answers will appear in red
Replay
Link that replays current quiz
Next Quiz
Link to next quiz in quiz playlist
You Got
0%
They Got
Avg Score
37%
Avg Friend Score
Upgrade to see
Score Distribution
Jump to the score distribution portion of the page
Score
0/86
Timer
15:00
0
Plays Today
Rank
Country
% Correct
4
???
78%
1
???
77.6%
3
???
77%
2
???
75.6%
5
???
70%
7
???
66.4%
8
???
63.7%
14
???
63.7%
6
???
61.3%
42
???
57.3%
63
???
56.5%
79
???
54.8%
9
???
53.6%
25
???
49.6%
10
???
49.5%
11
???
49.5%
15
???
49.2%
19
???
49.2%
52
???
48.8%
46
???
48.2%
18
???
47.8%
20
???
47%
26
???
46.5%
30
???
46.2%
13
???
46.1%
17
???
45.6%
34
???
45.5%
38
???
44.7%
22
???
44.5%
Rank
Country
% Correct
16
???
43.2%
37
???
43.2%
33
???
43%
21
???
41.2%
56
???
41.2%
32
???
39.8%
71
???
39.6%
28
???
39.3%
24
???
38.6%
59
???
38.6%
27
???
38.2%
66
???
37.9%
69
???
37.8%
23
???
37.5%
62
???
37.2%
73
???
35.8%
41
???
35.3%
57
???
34.4%
35
???
33.6%
29
???
33%
12
???
32.9%
31
???
31.6%
36
???
31.5%
49
???
31.5%
53
???
31.5%
51
???
30.3%
47
???
29.5%
43
???
29.3%
44
???
27.8%
Rank
Country
% Correct
58
???
26.9%
68
???
26.7%
85
???
26.7%
39
???
26.6%
48
???
26.6%
40
???
26.3%
45
???
26.1%
60
???
25.7%
61
???
25.3%
76
???
24%
67
???
23.8%
65
???
23%
64
???
22.4%
50
???
21.5%
54
???
20.9%
82
???
20.3%
72
???
19.7%
55
???
18.3%
74
???
16.9%
80
???
13.4%
83
???
11.4%
70
???
11.1%
77
???
10.8%
75
???
10.6%
81
???
10.4%
84
???
9.2%
78
???
9.1%
MINES
???
8.1%
Quiz Playlist
Details
Report
Send in Message
Add To Playlist
More Info:
Kyrgyzstan is ranked 86th for area. Source used: http://en.wikipedia.org/wiki/List_of_countries_and_dependencies_by_area
Classic:
Type in answers that appear in a list
Minefield:
Wrong answers will end the quiz
Wrong Answers:
Some wrong answers will appear in red
Quiz Source
Last Updated: Mar 5, 2019
Curator Pick in
World
Quiz Scoreboard
CHALLENGE
Sign Up to Join the Scoreboard
Show All
Scores
Hide
Comments
May contain spoilers
Recently Published
9x9 Crossword: Cartoon Network
by jackfrog10
Miscellaneous
3m
College Basketball Coaching Resumes
by pancakes188
Sports
9m
Billboard Blitz: Fleetwood Mac
by CooCooCachoo
Music
15s
More to Explore
Quiz From the Vault
Featured Blog Post
Where Did the Easter Bunny Come From?
hide this ad
You Might Also Like...
Tags
Country Quiz
Minefield Quiz
Nation Quiz
World Quiz
area
Kyrgyzstan
Land Area
landmine
large
mine
Today's Top Quizzes in Geography
Browse Geography
hide this ad
Today's Top Quizzes in Minefield
Browse Minefield
Top Contributed Quizzes in Geography
1
Countries of the World - No Outlines Minefield
2
Top 25 Cities of France on a map
3
Any capital of a 'B' country per Continent
4
Any capital of a 'C' country per Continent
5
Closest Countries to UK A-Z
6
Any capital of a 'D' country per Continent
7
5-to-1: US Geography No Hints
8
Any capital of an 'E' country per Continent
9
Find the US States - No Outlines
10
Any capital of an 'F' country per Continent
Explore More
Trending Topics
Anime
NBA
Disney
Kpop
Harry Potter
Marvel
Crossword
Puzzle
Soccer
Country
NFL
WWE
Pokémon
Song
The Office
hide this ad
More By:
olliek
Quiz
Plays
Rating
Category
Featured
Created
World Flags Bunker
207,101
4.44
Geography
Jul 22, 2014
Gimme Five: Population
96,711
4.32
Geography
Aug 14, 2014
British Celebrities on the Simpsons
47,745
4.29
Television
Jun 27, 2014
Celebrities at Wimbledon
45,430
4.10
Entertainment
Jul 29, 2014
Premier League Players (Clickable)
37,191
4.48
Sports
Jul 23, 2014
Go to Creator's Profile
Score Distribution
Quiz Creator Spotlight
olliek
Follow
Send a Message
Quizzes Created
-
Created Quiz Play Count
-
More By This Creator
Popular Quizzes Today
1
Find the US States - No Outlines Minefield
2
Find the Countries of Europe - No Outlines Minefield
3
The Countries of the World
4
Find the US States
5
Risky Map Clicking: Biggest States A-Z
6
US States
7
Popular People in 1961
8
Movies - When Are They Set?
More Geography Quizzes
Capital of Singapore
Quiz Lab
Trending Quizzes
Risky Map Clicking: Least Populous States A-Z
1-10 Letter G Words
1-10 Letter F Words
Risky Map Clicking: Next State Alphabetically
Adjectives in 80s TV Shows
Recently Updated
Leaping Animals
pecheneg
Reality TV Shows (A-Z)
bhenderson79
Rickey Henderson's Hall of Fame Teammates
pecheneg
Champions League XIs: Arsenal
pecheneg
Quick Pick: Celebrities in WWE's Hall of Fame
aduchscher
A-Z Keypad Blitz II
pecheneg
Multiple Oscar Actors
pecheneg
Mystery Phrase Blitz: Oscar 'Best Actors'
pecheneg
F. Scott Fitzgerald Novels
LTH
Pick 3 Villains
ddd62291
Trending Topics
Anime
NBA
Kpop
Harry Potter
Crossword
Marvel
Disney
Pokémon
NFL
Country
Puzzle
Soccer
WWE
Song
The Office
Your Account Isn't Verified!
In order to create a playlist on Sporcle, you need to verify the email address you used during registration. Go to your
Sporcle Settings
to finish the process.
Report this User
Report this user for behavior that violates our
Community Guidelines
.
Details:
Send Report
Go to the Sporcle.com Mobile Site →
Comments